000 00761nam a2200229Ia 4500
003 GCL
008 140319s9999 xx 000 0 ara d
020 _a9459301977
040 _aGCL /
_cGCL
082 0 4 _a951
_bن م
100 1 _aمحمد غريب جودة (مترجم)
245 1 0 _aموجز تاريخ العلم والحضارة فى الصين /
_cمحمد غريب جودة (مترجم)
700 1 _aنيدهام جوزيف
250 _aالاولى
260 _aالقاهرة :
_bالهيئة المصرية العامة للكتاب ،
_c1995
300 _a495 ؛
_c24 سم
490 _aالالف كتاب الثانى
_v194
650 0 4 _aالتاريخ
650 0 4 _aالصين
650 0 4 _aاسيا - تاريخ
942 _2ddc
_cBK
999 _c44242
_d44242